Política agraria: una propuesta para la coyuntura de Guatemala en 1986

保存先:
書誌詳細
第一著者: Paz Cárcamo, Guillermo
団体著者: ICADIS
フォーマット: テキスト
出版事項: San José: ICADIS
タグ: タグ追加
タグなし, このレコードへの初めてのタグを付けませんか!

MARC

LEADER 00000 a a2200000 04500
001 24343
003
040
090 |a 166700  
100 |a Paz Cárcamo, Guillermo  
110 |a ICADIS  
245 |a Política agraria: una propuesta para la coyuntura de Guatemala en 1986  
260 |a San José:   |b ICADIS  
300 |a 84 p   |b **no definido**  
999 |c 16551  |d 16551